Cheerleading teams - Statistics

General Stats
  • This quiz has been taken 349 times
    347 since last reset
  • The average score is 6 of 21
Answer Stats
Hint Answer % Correct
Large coed from Top gun tglc
78%
Large senior from CEA Senior elite
71%
Small coed from California Allstars Smoed
62%
Large senior from World cup Shooting stars
58%
Small coed from Brandom allstars Senior black
40%
Large senior from Maryland twistes F5
37%
Small coed from Rockstar chher Beatles
35%
Medium coed from California allstars Black ops
33%
Large coed from CEA Coed elite
30%
Large coed from California Allstars Cali coed
28%
Small senior form California Allstars Lady bullets
24%
Small senior from CE SSX
17%
Medium senior from Brandon Allstars Senior pink
15%
Medium coed from Maryland twisters Reign
14%
Small coed from CJA Team gunz
14%
Large coed from Stingrays Steal
8%
Large coed from Cheer athletics Cheethas
5%
Medium senior from Cheer tyme Love
3%
Medium coed from Spirt of Texas Royality
1%
Small coed from Maryland Twisters Colbot
0%
Small coed from cheer time Obssession
0%
No matching quizzes found
Score Distribution
Percent of People with Each Score
Percentile by Number Answered
Your Score History
You have not taken this quiz since the last reset